| 000 | 00471nam a2200169Ia 4500 | ||
|---|---|---|---|
| 008 | 151213s9999 xx 000 0 und d | ||
| 020 | _a81-7118-07-2 | ||
| 100 | _aM.Hidayatulla & Arshad Hidayatullah | ||
| 245 |
_aPrinciples of Mohammedan Law _cM.Hidayatulla & Arshad Hidayatullah |
||
| 250 | _a19th | ||
| 260 |
_aBombay _bN.M. Tripathi _c1990 |
||
| 300 | _a5902 p. | ||
| 650 | _aLaw | ||
| 650 | _aLaw | ||
| 700 | _aM.Hidayatulla & Arshad Hidayatullah | ||
| 999 |
_c3415 _d3415 |
||